Zeolite molecular sieves : structure, chemistry, and use /
Guardado en:
| Autor Principal: | |
|---|---|
| Formato: | Libro |
| Idioma: | English |
| Publicado: |
New York :
Wiley,
[1973, c1974]
|
| Materias: | |
| Etiquetas: |
Agregar Etiqueta
Sin Etiquetas, Sea el primero en etiquetar este registro!
|
| LEADER | 00832cam a22002415a 4500 | ||
|---|---|---|---|
| 001 | EIQ.libpla003198 | ||
| 008 | 730702t19731974nyuao####b####001#0#eng#d | ||
| 005 | 20071106150610.0 | ||
| 245 | 1 | 0 | |a Zeolite molecular sieves : |b structure, chemistry, and use / |c [by] Donald W. Breck. |
| 260 | |a New York : |b Wiley, |c [1973, c1974] | ||
| 300 | |a ix, 771 p. : |b il., fotos ; |c 24 cm. | ||
| 500 | |a "A Wiley-Interscience publication." | ||
| 504 | |a Incluye referencias bibliográficas e índice. | ||
| 020 | |a 0471099856 | ||
| 100 | 1 | |a Breck, Donald W. | |
| 082 | 0 | 0 | |a 660.2/8423 |
| 650 | 4 | |a Catálisis |x Zeolitas. | |
| 650 | 4 | |a Catálisis |x Tamices moleculares. | |
| 650 | 4 | |a Catalysis |x Molecular sieves. | |
| 650 | 4 | |a Catalysis |x Zeolites. | |
| 010 | |a 73011028 | ||
| 040 | |a DLC |c DLC |d AR-BbSID | ||
| 859 | |a AR-BbSID |b BIB. PLAPIQUI |h 549.68 |i B 742 |p 917 | ||
